Penzijní teorie a politika

Guardado en:
Detalles Bibliográficos
Autor principal: Vostatek, Jaroslav
Formato: Libro
Lenguaje:checo
Publicado: Praha C.H.BECK 2016
Edición:1. vydání
Colección:Beckova edice ekonomie
Materias:
Etiquetas: Agregar Etiqueta
Sin Etiquetas, Sea el primero en etiquetar este registro!

MARC

LEADER 00000nam a2200000 4500
001 0237823
005 20240313090225.7
020 |a 978-80-7400-571-8 
041 0 |a cze 
044 |a CZ 
245 1 0 |a Penzijní teorie a politika  |c Jaroslav Vostatek 
250 |a 1. vydání 
264 1 |a Praha  |b C.H.BECK  |c 2016 
300 |a 267 s. 
490 1 |a Beckova edice ekonomie 
830 0 |a Beckova edice ekonomie 
610 2 0 |a politika dôchodková 
610 2 0 |a penzie 
610 2 0 |a dôchodky 
610 2 0 |a systémy dôchodkové 
610 2 0 |a reformy 
610 2 0 |a modely sociálne 
610 2 0 |a dane 
610 2 0 |a poistenie sociálne 
610 2 0 |a zabezpečenie dôchodkové 
610 2 0 |a Česko 
100 1 |a Vostatek, Jaroslav